The Historical study of African religion with special reference to East and Central Africa / (Record no. 12303)
[ view plain ]
| 000 -LEADER | |
|---|---|
| fixed length control field | 00714cam a22002172 4500 |
| 001 - CONTROL NUMBER | |
| control field | 0000000387 |
| 005 - DATE AND TIME OF LATEST TRANSACTION | |
| control field | 20151217155800.0 |
| 008 - FIXED-LENGTH DATA ELEMENTS--GENERAL INFORMATION | |
| fixed length control field | 070126s xx 000 0 eng d |
| 020 ## - INTERNATIONAL STANDARD BOOK NUMBER | |
| Terms of availability | KES |
| 040 ## - CATALOGING SOURCE | |
| Original cataloging agency | KABU |
| Transcribing agency | KABU |
| 050 #0 - LIBRARY OF CONGRESS CALL NUMBER | |
| Classification number | BL2400 |
| Item number | .H57 |
| 245 14 - TITLE STATEMENT | |
| Title | The Historical study of African religion with special reference to East and Central Africa / |
| Statement of responsibility, etc. | ed. by T. O. Ranger and I. N. Kimambo. |
| 260 ## - PUBLICATION, DISTRIBUTION, ETC. (IMPRINT) | |
| Place of publication, distribution, etc. | Nairobi : |
| Name of publisher, distributor, etc. | Heinemann, |
| Date of publication, distribution, etc. | 1972. |
| 300 ## - PHYSICAL DESCRIPTION | |
| Extent | ix, 307 p. |
| 651 #0 - SUBJECT ADDED ENTRY--GEOGRAPHIC NAME | |
| Geographic name | Africa |
| General subdivision | Religion |
| -- | Congresses. |
| -- | 0000148556 |
| 700 1# - ADDED ENTRY--PERSONAL NAME | |
| Personal name | Ranger, T. O. |
| Relator term | ed. |
| -- | 0000148557 |
| 700 1# - ADDED ENTRY--PERSONAL NAME | |
| Personal name | Kimambo, I. N. |
| Relator term | ed. |
| -- | 0000148558 |
| 908 ## - PUT COMMAND PARAMETER (RLIN) | |
| Put command parameter | 070126 |
| 950 ## - LOCAL HOLDINGS (RLIN) | |
| -- | 1 |
| Withdrawn status | Lost status | Source of classification or shelving scheme | Not for loan | Home library | Current library | Date acquired | Total Checkouts | Full call number | Barcode | Date last seen | Price effective from | Koha item type |
|---|---|---|---|---|---|---|---|---|---|---|---|---|
| Library of Congress Classification | Kabarak, Main Campus | Kabarak, Main Campus | 17/12/2015 | BL2400 .H57 | 006352 | 17/12/2015 | 17/12/2015 | Africana Collection |